ARRUPE JESUIT UNIVERSITY

CORONAVIRUS -STOP THE SPREAD - CLEAN,DISINFECT,COVER

Larousse encyclopedia of prehistoric and ancient art (Record no. 44255)

MARC details
000 -LEADER
fixed length control field 00576nam a2200217Ia 4500
003 - CONTROL NUMBER IDENTIFIER
control field 0100
005 - DATE AND TIME OF LATEST TRANSACTION
control field 20190213091600.0
008 - FIXED-LENGTH DATA ELEMENTS--GENERAL INFORMATION
fixed length control field 130303s9999 xx 000 0 und d
040 ## - CATALOGING SOURCE
Transcribing agency ARRUPELIB
050 ## - LIBRARY OF CONGRESS CALL NUMBER
Classification number REF. N5300.H953 1957
300 ## - PHYSICAL DESCRIPTION
Dimensions 30cm.
245 ## - TITLE STATEMENT
Title Larousse encyclopedia of prehistoric and ancient art
Remainder of title art and mankind
Statement of responsibility, etc General editor Rene Huyghe
250 ## - EDITION STATEMENT
Edition statement Rev. ed.
260 ## - PUBLICATION, DISTRIBUTION, ETC. (IMPRINT)
Place of publication, distribution, etc New york
Name of publisher, distributor, etc Prometheus Press
Date of publication, distribution, etc 1966
300 ## - PHYSICAL DESCRIPTION
Extent 414p. ;
440 ## - SERIES STATEMENT/ADDED ENTRY--TITLE
Title Art and mankind
9 (RLIN) 44578
650 ## - SUBJECT ADDED ENTRY--TOPICAL TERM
Topical term or geographic name as entry element Art, Prehistoric
9 (RLIN) 26697
650 ## - SUBJECT ADDED ENTRY--TOPICAL TERM
Topical term following geographic name as entry element Art, Ancient
9 (RLIN) 26698
700 ## - ADDED ENTRY--PERSONAL NAME
Personal name Huyghe , Rene (ed.)
9 (RLIN) 26699
942 ## - ADDED ENTRY ELEMENTS (KOHA)
Source of classification or shelving scheme Library of Congress Classification
Koha item type REFERENCE
Holdings
Withdrawn status Lost status Source of classification or shelving scheme Damaged status Not for loan Collection code Home library Current library Shelving location Date acquired Total Checkouts Full call number Barcode Date last seen Copy number Price effective from Koha item type Date checked out
    Library of Congress Classification     REFERENCE ARRUPE LIBRARY ARRUPE LIBRARY REFERENCE 04/03/2013   REF. N5300.H953 1957 46003040314 04/03/2013 1 04/03/2013 REFERENCE  
    Library of Congress Classification     Main Collection ARRUPE LIBRARY ARRUPE LIBRARY Main Collection 13/10/2016 1 L N5300.H953 1957 46500010599 30/08/2017 2 13/10/2016 Monograph ( Printed materials) 17/08/2017
    Library of Congress Classification     SPECIAL Collection ARRUPE LIBRARY ARRUPE LIBRARY REFERENCE 13/02/2019   SPC. N5300.H953 1957 46600003738 13/02/2019   13/02/2019 SPC  

 

Arrupe Library. PO Box MP320 Mt Pleasant, Harare, Zimbabwe
263 242 745411|librarian@aju.ac.zw